000 00885nam a22002175i 4500
001 163396
003 ES-MaACL
005 20230906212731.0
008 050721s1878 fr | |||||||| ||fre d
040 _aCAM
_bspa
_cCAM
100 1 _aRevillout, Eugéne.
_996448
245 1 0 _aNouvelle chrestomathie démotique
_b: mission de 1878, contrats de Berlin, Vienne, Leyde, etc. /
_cpar Eugène Revillout.
260 _aParis [etc.] :
_bErnest Leroux [etc.],
_c1878 (
_fTypographie G. Chamerot)
300 _aXII, 160 p. ;
_c27 cm.
597 _aPort. y prefacio impresos, las 160 p. de texto son una reproducción mecánica de palabras ms. con su equivalencia jeroglífica.
650 4 _aLengua egipcia-
_vDicionarios.
_9223836
650 4 _aLengua demótica-
_xGramática.
_9136356
752 _aFrancia -
_dParís
852 _aES-MaACL
_jG-9736
_z-- Enc. hol.
999 _c163396
_d163396